Hexapods: Order to Common Name - Statistics

General Stats
  • This quiz has been taken 7 times
  • The average score is 15 of 30
Answer Stats
Hint Answer % Correct
Hymenoptera Bee
100%
Odonata Dragonfly
100%
Diptera Fly
100%
Lepidoptera Moth
100%
Coleoptera Beetle
80%
Blattodea Cockroach
80%
Orthoptera Grasshopper
80%
Mantodea Mantis
80%
Dermaptera Earwig
60%
Mecoptera Scorpionfly
60%
Zygentoma Silverfish
60%
Trichoptera Caddisfly
40%
Protura Conehead
40%
Megaloptera Dobsonfly
40%
Siphonaptera Flea
40%
Psocodea Louse
40%
Ephemeroptera Mayfly
40%
Collembola Springtail
40%
Thysanoptera Thrips
40%
Hemiptera True bug
40%
Diplura Two-pronged bristletail
40%
Phasmatodea Walking stick
40%
Zoraptera Angel insect
20%
Notoptera Icecrawler
20%
Archaeognatha Jumping bristletail
20%
Neuroptera Lacewing
20%
Rhaphidioptera Snakefly
20%
Plecoptera Stonefly
20%
Embiidina Webspinner
20%
Strepsiptera Twisted-wing parasite
0%
No matching quizzes found
Score Distribution
Percent of People with Each Score
Percentile by Number Answered
Your Score History
You have not taken this quiz